Plan de ordenamiento de la pesca y la acuicultura en el Embalse de Betania / (Registro nro. 19032)

Detalles MARC
000 -CABECERA
Campo de control 00802nam a2200205 a 4500
005 - FECHA Y HORA DE LA ULTIMA TRANSACCION
Campo de control 20161226113352.0
008 - ELEMENTOS DE LONGITUD FIJA—INFORMACION GENERAL
Campo de control 090808s2005 ck ab gr 00010 spa d
040 ## - FUENTE DE CATALOGACIÓN
Agencia catalogadora original CO-BoBLA
Agencia transcriptora CO-BoBLA
041 0# - IDIOMA
Código de idioma para texto/pista de sonido o título separado Español
044 ## - PAÍS DE PUBLICACIÓN
País de publicación Colombia
082 04 - NUMERO DE CLASIFICACION DECIMAL DEWEY
Número de clasificación 338.3727
Número del ítem P69o
090 ## - CLASIFICACIÓN LOCAL
Colección FG-
Consecutivo 0116
245 00 - MENCION DE TITULO
Título Plan de ordenamiento de la pesca y la acuicultura en el Embalse de Betania /
Mención de responsabilidad María Doris Escobar Lizarazo [y otros 4]
260 3# - PUBLICACION, DISTRIBUCION, ETC. (PIE DE IMPRENTA)
Lugar de publicación, distribución, etc. Bogotá :
Nombre del editor, distribuidor, etc. Instituto Colombiano de Desarrollo Rural, INCODER,
Fecha de publicación, distribución, etc. 2005.
300 ## - DESCRIPCION FISICA
Extensión 79 páginas :
Otros detalles físicos ilustraciones y mapas ;
Dimensiones 28 x 21 cm.
650 26 - ASIENTO SECUNDARIO DE MATERIA - TERMINO TEMATICO
Término temático o nombre geográfico como elemento de entrada Acuicultura
Subdivisión general Planificación
Subdivisión geográfica Betania (Huila, Colombia)
9 (RLIN) 78098
650 26 - ASIENTO SECUNDARIO DE MATERIA - TERMINO TEMATICO
Término temático o nombre geográfico como elemento de entrada Pesca
Subdivisión general Planificación
Subdivisión geográfica Betania (Huila, Colombia)
9 (RLIN) 78099
700 1# - ASIENTO SECUNDARIO - NOMBRE PERSONAL
Nombre personal Escobar Lizarazo, María Doris
Término de relación autor
9 (RLIN) 78100
942 ## - ELEMENTOS ADICIONALES (KOHA)
Sistema de clasificación Dewey Decimal Classification
Tipo de ítem Libro
Existencias
Withdrawn status Lost status Sistema de Clasificación Damaged status No para préstamo Colección Inventariado Ubicación Permanente Ubicación actual Fecha de adquisición Fuente de Valor Valor Total Checkouts Número topográfico Inventario / Código de Barras Checked out Date last seen Date checked out Ejemplar Price effective from Forma de adquisición Tipo de material Public note
    Dewey Decimal Classification     General Inventariado 2017 Bogotá Bogotá 16/09/2016 Instituto 15000.00 1 LB-338.3727 P69o 040693 07/11/2018 17/10/2018 17/10/2018 Ej. 1 16/09/2016 Donación Libro  
    Local     Hemeroteca Inventariado 2017 Bogotá Bogotá 26/12/2016       FG-0116 040901   26/12/2016   Ej. 1 26/12/2016 Donación Folleto Plan de ordenamiento de la pesca y la acuicultura en el embalse de Betania.
    Local     Hemeroteca Inventariado 2017 Bogotá Bogotá 26/12/2016       FG-0116 040902   26/12/2016   Ej. 1 26/12/2016 Donación Folleto Plegable de buenas prácticas ambientales.